[Event "Berlin op"]
[Site "Berlin-West"]
[Date "1984.??.??"]
[Round "3"]
[White "Rahls, Peter"]
[Black "Murrey, Jacob"]
[Result "0-1"]
[WhiteElo "2205"]
[BlackElo "2420"]

1.e4 g6 2.d4 Bg7 3.Nc3 d6 4.Be3 Nf6 5.f3 O-O 6.Qd2 Nc6 7.Nge2 e5 8.d5 Na5
9.Nc1 c5 10.Nb3 Nh5 11.Nb5 a6 12.Na3 Nxb3 13.axb3 f5 14.Bg5 Nf6 15.Bd3 h6
16.Bxf6 Rxf6 17.Nc4 b5 18.Ne3 Rf8 19.exf5 gxf5 20.O-O Bd7 21.Kh1 Qh4 22.g3 Qe7
23.Rae1 Rae8 24.Ng2 Qf7 25.g4 Qe7 26.gxf5 Bxf5 27.Bxf5 Rxf5 28.Re4 Ref8 29.Nh4 Rg5
30.Qf2 Qf7 31.f4 Qh5 32.Ra1 exf4 33.Rxa6 Bd4 34.Qe1 Rg1+ 35.Qxg1+ Bxg1 36.Rxd6 Qxh4  0-1

[Event "Bor"]
[Site "Bor"]
[Date "1984.??.??"]
[Round "?"]
[White "Rogers, Ian"]
[Black "Todorovic, Goran M"]
[Result "1-0"]
[WhiteElo "2475"]
[BlackElo "2230"]

1.e4 g6 2.d4 Bg7 3.Nc3 d6 4.Nge2 Nd7 5.g3 b6 6.Bg2 Bb7 7.O-O e6 8.Be3 Ne7
9.Qd2 O-O 10.Bh6 d5 11.Bg5 Nf6 12.exd5 exd5 13.Rfe1 Re8 14.Nf4 c6 15.Nd3 Nf5
16.Ne5 h6 17.Bxf6 Qxf6 18.f4 Rad8 19.Nd1 c5 20.c3 h5 21.Ne3 Bf8 22.a3 a5
23.Qd3 c4 24.Qc2 Nxe3 25.Rxe3 Bc8 26.Rae1 Bf5 27.Qa4 Qd6 28.Nxc4 Rxe3 29.Nxe3 Be6
30.h4 Kg7 31.Qb5 Kh7 32.Bf3 Bh6 33.Kg2 Kg8 34.Qd3 Qd7 35.Kh2 Kf8 36.Bg2 a4
37.Qf1 f5 38.Nc2 b5 39.Qf3 Kf7 40.Nb4 Bg7 41.Nd3 Qd6 42.Re3 Bf6 43.Qe2 Bd7
44.Kg1 Re8 45.Rxe8 Bxe8 46.Ne5+ Bxe5 47.Qxe5 Qxe5 48.dxe5 Ke6 49.Kf2 Bf7
50.Bf1  1-0

[Event "BCF-ch"]
[Site "Brighton"]
[Date "1984.??.??"]
[Round "1"]
[White "Garwell, Jane"]
[Black "McNab, Colin Anderson"]
[Result "0-1"]
[WhiteElo "2100"]
[BlackElo "2370"]

1.e4 g6 2.d4 Bg7 3.Nc3 d6 4.Be3 Nf6 5.f3 c6 6.a4 a5 7.Bc4 d5 8.exd5 cxd5
9.Bb3 Nc6 10.Nge2 O-O 11.O-O b6 12.Qd2 Ba6 13.Rad1 e6 14.Bh6 Ne7 15.Bxg7 Kxg7
16.Rfe1 Nf5 17.Nf4 Re8 18.Qf2 Nd6 19.Nd3 Bxd3 20.Rxd3 Rc8 21.Rde3 Qd7 22.Re5 Nc4
23.Bxc4 Rxc4 24.Nd1 Rec8 25.Ne3 Rxa4 26.c3 Ra2 27.Qc2 Qa4 28.Qxa4 Rxa4 29.Nc2 Ra2
30.Rb1 b5 31.Re2 Ne8 32.Na1 Rxc3 33.bxc3 Rxe2 34.Kf1 Ra2 35.Nb3 a4 36.Nc1 Rc2
37.Ne2 a3 38.Rxb5 a2 39.Ra5 Rb2 40.Kf2 Nd6 41.Ra6 Nc4 42.f4 Nd2 43.Ke3 Nb3  0-1

[Event "BCF-ch"]
[Site "Brighton"]
[Date "1984.??.??"]
[Round "3"]
[White "Watson, William N"]
[Black "McNab, Colin Anderson"]
[Result "1-0"]
[WhiteElo "2450"]
[BlackElo "2370"]

1.e4 g6 2.d4 Bg7 3.Nc3 d6 4.f4 Nc6 5.Be3 Nf6 6.Nf3 O-O 7.Qd2 e6 8.O-O-O Ne7
9.e5 Nfd5 10.Nxd5 Nxd5 11.Bd3 b6 12.h4 h5 13.g4 hxg4 14.h5 gxf3 15.hxg6 f5
16.Rh7 Ne7 17.Qh2 Nxg6 18.Rg1 Qe8 19.Qh5 Rf7 20.Rxg6 Kf8 21.Rgxg7  1-0

[Event "BCF-ch"]
[Site "Brighton"]
[Date "1984.??.??"]
[Round "5"]
[White "Watson, William N"]
[Black "Botterill, George Steven"]
[Result "1/2-1/2"]
[WhiteElo "2450"]
[BlackElo "2430"]

1.e4 d6 2.d4 g6 3.Nc3 Bg7 4.Nf3 a6 5.Bc4 b5 6.Bb3 Bb7 7.O-O e6 8.Re1 Nf6
9.e5 dxe5 10.Nxe5 O-O 11.Bg5 Nc6 12.Qf3 Nxe5 13.Qxb7 Rb8 14.Qxa6 Rb6 15.Qxb6 Nf3+
16.gxf3 cxb6 17.d5 Qa8 18.dxe6 fxe6 19.Rxe6 Kh8 20.Ne4 Nxe4 21.fxe4 Qc8  1/2-1/2

[Event "BCF-ch"]
[Site "Brighton"]
[Date "1984.??.??"]
[Round "7"]
[White "Howell, James C"]
[Black "Hawkes, Rob"]
[Result "1-0"]
[WhiteElo "2340"]
[BlackElo "2365"]

1.e4 g6 2.d4 Bg7 3.Nc3 d6 4.f4 c6 5.Nf3 Bg4 6.Be3 Qb6 7.Qd2 Bxf3 8.gxf3 Nd7
9.O-O-O Qa5 10.Kb1 b5 11.f5 b4 12.Ne2 Nb6 13.Nc1 Na4 14.Nb3 Qb6 15.e5 O-O-O
16.f6 exf6 17.exd6 Rxd6 18.Bc4 Ne7 19.Bf4 Rd5 20.Rhe1 Qb7 21.Bxd5 Nxd5 22.Bd6 Rd8
23.Bc5 f5 24.Qd3 Nxc5 25.Nxc5 Qb6 26.Qc4 Bh6 27.Rd3 Bf4 28.h3 Bd6 29.Rd2 Bg3
30.Rg1 Bf4 31.Re2 h5 32.h4 Bd6 33.Nd3 f4 34.Ne5 Bxe5 35.Rxe5 Ne3 36.Qc5 Qxc5
37.Rxc5 Kb7 38.c3 Nf5 39.Re1 Rd7 40.Rxf5 gxf5 41.Re5 bxc3 42.bxc3 Rd5 43.Rxd5 cxd5
44.Kc2 Kb6 45.Kb3 Kc6 46.c4 dxc4+ 47.Kxc4 Kd6 48.d5 a6 49.Kd4 a5 50.a3 Ke7
51.Kc5 Kd7 52.a4 f6 53.d6 Kd8 54.Kb6 Kd7 55.Kxa5 Kxd6 56.Kb6 Kd5 57.a5 Kd4
58.a6 Ke3 59.a7 Kxf3 60.a8=Q+ Kg3 61.Qb8 Kg4 62.Kc5 f3 63.Qh2  1-0

[Event "BCF-ch"]
[Site "Brighton"]
[Date "1984.??.??"]
[Round "9"]
[White "Jackson, Sheila"]
[Black "McNab, Colin Anderson"]
[Result "1-0"]
[WhiteElo "2190"]
[BlackElo "2370"]

1.e4 g6 2.d4 Bg7 3.Nc3 d6 4.Nf3 Nf6 5.Be2 O-O 6.O-O Bg4 7.Be3 Nc6 8.Qd2 e5
9.d5 Ne7 10.Rad1 Bd7 11.Ne1 b5 12.a3 Qb8 13.f3 Rd8 14.g4 c6 15.g5 Nh5 16.Ng2 b4
17.axb4 Qxb4 18.b3 Nf4 19.Nxf4 exf4 20.Bd4 Bxd4+ 21.Qxd4 Qxd4+ 22.Rxd4 c5
23.Rd2 h6 24.h4 hxg5 25.hxg5 Kg7 26.Bb5 Bxb5 27.Nxb5 a6 28.Nc3 f6 29.Rg2 Rab8
30.Ra1 Rb6 31.Na4 Rbb8 32.Nb2 Ra8 33.Nc4 fxg5 34.Rxg5 Kf6 35.Rg4 g5 36.Kf2 a5
37.Ke2 Ng6 38.Rag1 Ne5 39.Nxe5 Kxe5 40.Kd3 Rg8 41.Rxg5+ Rxg5 42.Rxg5+ Kf6
43.Rf5+ Ke7 44.Rxf4 a4 45.bxa4 Rxa4 46.c3 Ra1 47.Kc4 Re1 48.Kb5 Re3 49.c4 Kd7
50.Rf7+ Ke8 51.Ra7 Rxf3 52.Kc6 Rf6 53.Rd7  1-0

[Event "BCF-ch"]
[Site "Brighton"]
[Date "1984.??.??"]
[Round "10"]
[White "Jackson, Sheila"]
[Black "Vaidya, Arun B"]
[Result "1-0"]
[WhiteElo "2190"]
[BlackElo "2370"]

1.e4 d6 2.d4 g6 3.Nc3 Bg7 4.Nf3 c6 5.a4 Nd7 6.Be2 Qc7 7.O-O Ngf6 8.Re1 O-O
9.h3 e5 10.Be3 Re8 11.Bf1 Nf8 12.Qd2 Ne6 13.Rad1 Bf8 14.g3 b6 15.d5 cxd5
16.exd5 Ng7 17.Bg5 Be7 18.Nxe5 dxe5 19.d6 Bxd6 20.Nb5 Qb8 21.Nxd6 Re6 22.Bc4 Nfe8
23.Nxc8 Qxc8 24.Bxe6 Nxe6 25.Be3 Qc7 26.c3 Rd8 27.Qe2 Rc8 28.Bh6 f6 29.f4 Nd6
30.fxe5 Nf5 31.exf6 Qxg3+ 32.Qg2 Qxg2+ 33.Kxg2 Kf7 34.Bg7 Rc7 35.Kh2 h5 36.Re5 h4
37.Red5 Nfxg7 38.fxg7 Kxg7 39.Rd7+ Kf6 40.Rxc7 Nxc7 41.Rd7  1-0

[Event "BCF-ch"]
[Site "Brighton"]
[Date "1984.??.??"]
[Round "11"]
[White "Yeo, Michael J"]
[Black "Davies, Nigel R"]
[Result "1/2-1/2"]
[WhiteElo "2205"]
[BlackElo "2340"]

1.e4 g6 2.d4 Bg7 3.Nc3 d6 4.f4 Nc6 5.Be3 Nf6 6.Nf3 O-O 7.e5 Ng4 8.Bg1 dxe5
9.dxe5 f6 10.Bc4+ Kh8 11.h3 Nh6 12.exf6 exf6 13.Qxd8 Rxd8 14.g4 Nb4 15.Rh2 b6
16.a3 Ba6 17.Bxa6 Nxa6 18.Nd4 Re8+ 19.Re2 Rxe2+ 20.Kxe2 Re8+  1/2-1/2

[Event "Alfoldi mem (Women)"]
[Site "Budapest"]
[Date "1984.??.??"]
[Round "?"]
[White "Voiska, Margarita"]
[Black "Petrovic, Marija"]
[Result "1/2-1/2"]
[WhiteElo "2115"]
[BlackElo "2125"]

1.e4 g6 2.d4 Bg7 3.Nc3 d6 4.g3 c6 5.Bg2 e5 6.dxe5 dxe5 7.Qxd8+ Kxd8 8.Be3 Be6
9.Nge2 Nd7 10.a4 a5 11.O-O Ne7 12.Rad1 Kc7  1/2-1/2

[Event "Alfoldi mem (Women)"]
[Site "Budapest"]
[Date "1984.??.??"]
[Round "?"]
[White "Heintze, Marion"]
[Black "Petrovic, Marija"]
[Result "0-1"]
[WhiteElo "2095"]
[BlackElo "2125"]

1.e4 g6 2.d4 Bg7 3.Nc3 d6 4.Bc4 e6 5.Qf3 c6 6.Bf4 b5 7.Bb3 a5 8.a3 Bb7 9.Qg3 Nf6
10.Qe3 b4 11.axb4 axb4 12.Rxa8 Bxa8 13.Na2 Nh5 14.Bg5 Qa5 15.Ne2 h6 16.Bf4 Nxf4
17.Qxf4 Ke7 18.O-O Nd7 19.Rd1 Qg5 20.Qf3 c5 21.c3 f5 22.Nf4 fxe4 23.Qg3 Qxg3
24.hxg3 Nf8 25.dxc5 dxc5 26.cxb4 cxb4 27.Rd2 g5 28.Nh5 Be5 29.Nxb4 Nd7 30.Ba4 Nc5
31.Nc6+ Bxc6 32.Bxc6 Rb8 33.Re2 Rxb2 34.Rxb2 Bxb2 35.Kf1 Kd6 36.Bb5 Kd5 37.Ke2 Bd4
38.g4 Be5 39.f3 Kd4 40.Bc6 e3 41.g3 Bh8 42.f4 Ne4 43.f5 Nc3+ 44.Ke1 exf5
45.gxf5 Be5 46.Bb7 Kd3 47.Ba6+ Ke4 48.f6 Bd6 49.f7 Kf3 50.Bb7+ Kg4 51.Nf6+ Kxg3
52.Kf1 e2+ 53.Ke1 Kf4 54.Kd2 Kg3 55.Ke1 Kh2 56.Ng4+ Kg1 57.Nf2 g4 58.Nd3 h5
59.Bc6 Be7 60.Bb7 g3 61.Nf4 Kh2 62.Ng2 Bb4 63.Bf3 Kg1 64.Nh4 Bc5 65.Bxe2 Nxe2
66.Kxe2 Kh2  0-1

[Event "Alfoldi mem (Women)"]
[Site "Budapest"]
[Date "1984.??.??"]
[Round "?"]
[White "Madl, Ildiko"]
[Black "Krizsan Bilek, Gyulane"]
[Result "1-0"]
[WhiteElo "2060"]
[BlackElo "1965"]

1.e4 d6 2.d4 g6 3.Nc3 Bg7 4.f4 c6 5.Nf3 b5 6.a3 a6 7.Be2 Nd7 8.O-O Nb6 9.Kh1 Be6
10.Ng5 Bc4 11.f5 Bf6 12.Bxc4 Nxc4 13.b3 Nb6 14.Qf3 Nd7 15.Qg3 Qc7 16.Be3 Bxg5
17.Bxg5 Ngf6 18.Rae1 O-O-O 19.Na2 gxf5 20.Bxf6 Nxf6 21.Rxf5 Rhg8 22.Qd3 Rg6
23.c4 Rdg8 24.Rf2 Qb6 25.Rc2 bxc4 26.Qxc4 Kb7 27.Nb4 Qb5 28.Qxc6+ Qxc6 29.Nxc6 Re8
30.b4 Rg4 31.e5 dxe5 32.Rxe5 Re4 33.g3 Rxe5 34.Nxe5 Rd8 35.Nxf7 Rxd4 36.Re2 Rd7
37.Kg2 Rc7 38.Ng5 Kb6 39.a4 h6 40.Re6+ Kb7 41.Nf7 h5 42.Nd8+ Kc8 43.Nc6 Kd7
44.Rxe7+ Kd6 45.Rxc7 Kxc7 46.Nd4 Kd6 47.b5 axb5 48.Nxb5+ Kc5 49.Kh3 Kb4 50.Kh4 Kxa4
51.Nd4 Kb4 52.Nf5 Kc5 53.Ng7 Ng4 54.h3 Ne3 55.Kxh5 Kd6 56.Kg5 Nf1 57.g4 Nh2
58.Kf6 Nf3 59.h4  1-0

[Event "Alfoldi mem (Women)"]
[Site "Budapest"]
[Date "1984.??.??"]
[Round "?"]
[White "Porubszky Angyalosine, Maria A"]
[Black "Szaday, Laszlone"]
[Result "1-0"]
[WhiteElo "2175"]
[BlackElo "2020"]

1.e4 g6 2.d4 Bg7 3.Nc3 d6 4.Nf3 Nd7 5.Be2 c6 6.a4 a5 7.O-O e6 8.h3 Ne7 9.Be3 O-O
10.Qd2 f5 11.exf5 Nxf5 12.Bg5 Qb6 13.Rad1 e5 14.dxe5 Nxe5 15.Nxe5 Bxe5 16.Bc4+ Kh8
17.b3 d5 18.Bd3 Qc5 19.Ne2 Bd7 20.c4 dxc4 21.Bxc4 Be8 22.Bf4 h5 23.Bxe5+ Qxe5
24.Nf4 Kh7 25.Rfe1 Qh8 26.Ne6 Rf6 27.Ng5+ Kg7 28.Qf4 Nh6 29.Qc7+ Bf7 30.Re7 Rc8
31.Qxb7 Rb8 32.Qc7 Rc8 33.Qe5 Kg8 34.Nxf7 Nxf7 35.Bxf7+  1-0

[Event "Midwest Masters-B"]
[Site "Chicago"]
[Date "1984.??.??"]
[Round "3"]
[White "Rose, J."]
[Black "Brooks, Michael A"]
[Result "0-1"]
[WhiteElo "2350"]
[BlackElo "2490"]

1.e4 g6 2.d4 Bg7 3.Nc3 d6 4.Be2 Nf6 5.h4 h5 6.Bg5 Nc6 7.Qd2 Nh7 8.Be3 e5
9.Nf3 exd4 10.Nxd4 Nf6 11.Bg5 O-O 12.Nxc6 bxc6 13.e5 dxe5 14.Qxd8 Rxd8 15.Ne4 Rd6
16.Nxd6 cxd6 17.c4 Be6 18.O-O Rb8 19.b3 Ne4 20.Rac1 f5 21.Rfd1 Kf7 22.Be3 Ke7
23.Bf3 a5 24.Bxe4 fxe4 25.Bg5+ Kd7 26.Rd2 Bg4 27.Re1 Bf5 28.Be3 Ke6 29.Red1 Bf8
30.Rc1 Be7 31.Bg5 Bf8 32.Be3 Ra8 33.Rcd1 Ra6 34.Bg5 Bg4 35.Rc1 d5 36.cxd5+ cxd5
37.Rdc2 d4 38.Rc6+ Rxc6 39.Rxc6+ Kd7 40.Rc2 Bb4 41.Bd2 d3 42.Rb2 Be2 43.a4 Bxd2
44.Rxd2 Kc6  0-1

[Event "Copenhagen op"]
[Site "Copenhagen"]
[Date "1984.??.??"]
[Round "?"]
[White "Iskov, Gert"]
[Black "Lawton, Geoffrey W"]
[Result "1-0"]
[WhiteElo "2370"]
[BlackElo "2395"]

1.e4 g6 2.d4 Bg7 3.Nc3 d6 4.Nf3 Nf6 5.Be2 O-O 6.O-O Bg4 7.Be3 Nc6 8.Nd2 Bxe2
9.Qxe2 e5 10.d5 Ne7 11.Nc4 Qc8 12.Na5 Ng4 13.Bd2 f5 14.f3 Nf6 15.Qc4 f4 16.Qb3 Rb8
17.a4 Kh8 18.Qc4 Qd7 19.Rad1 g5 20.b3 Rg8 21.Bc1 Ng6 22.Kh1 a6 23.Qd3 g4
24.Qe2 Nh4 25.Qf2 Ng6 26.Ne2 Nh5 27.fxg4 Qxg4 28.Qf3 Qh4 29.Bd2 b6 30.Be1 Qg5
31.Nc4 Rbf8 32.Qh3 Nf6 33.Nd2 h5 34.Nf3 Qh6 35.Nc3 Ng4 36.Bd2 Bf6 37.Ne2 Rf7
38.c4 a5 39.g3 Be7 40.Rb1 Rff8 41.gxf4 Nxf4  1-0

[Event "Dortmund"]
[Site "Dortmund"]
[Date "1984.??.??"]
[Round "7"]
[White "Schmittdiel, Eckhard"]
[Black "Sznapik, Aleksander"]
[Result "1/2-1/2"]
[WhiteElo "2255"]
[BlackElo "2445"]

1.e4 g6 2.d4 Bg7 3.Nc3 d6 4.g3 Nf6 5.Nge2 O-O 6.Bg2 e5 7.O-O Nc6 8.dxe5 dxe5
9.Bg5 Be6 10.Nd5 Bxd5 11.exd5 Ne7 12.c4 h6 13.Bd2 Nf5 14.Bc3 Re8 15.b4 e4
16.a4 e3 17.f4 Ne4 18.Bxg7 Kxg7 19.Qd3 Nd2 20.Rfc1 Qf6 21.a5 Rad8 22.Qc3 Nd6
23.Qxf6+ Kxf6 24.c5 N6e4 25.Ra3 Rxd5 26.Rxe3 Rdd8 27.Re1 Re6 28.Bh3 Nc4 29.Bxe6 Nxe3
30.Bh3 Nc2 31.Rb1 Rd2 32.Bf1 Ne3 33.Rb3 Nxf1 34.Kxf1 Ke6 35.g4 Kd5 36.Re3 f5
37.Rh3 Rd1+ 38.Kg2 Re1 39.Rd3+ Kc4 40.Rd4+ Kb5 41.gxf5 gxf5 42.Ng3 Nxg3 43.hxg3 Re7
44.Kh3 Rg7 45.Rd5 Kxb4 46.Rxf5 Kxa5 47.Rf6 Kb4 48.Rxh6 Kxc5 49.g4 a5 50.g5 a4
51.Kg4 Rd7 52.Rh2 Rd1 53.g6 Rg1+ 54.Kh5 Kd4 55.Re2 Kd3 56.Re8 a3 57.f5 a2
58.Ra8 Ke4 59.Rxa2 Kxf5 60.Rf2+  1/2-1/2

[Event "FIN-ch"]
[Site "Espoo"]
[Date "1984.??.??"]
[Round "?"]
[White "Pyhala, Antti"]
[Black "Nykopp, Jan Michael F"]
[Result "0-1"]
[WhiteElo "2260"]
[BlackElo "2300"]

1.e4 g6 2.d4 Bg7 3.Nc3 d6 4.Be2 c6 5.a4 d5 6.Nf3 Bg4 7.Be3 dxe4 8.Nxe4 Nd7
9.h3 Bxf3 10.Bxf3 Ngf6 11.a5 Nxe4 12.Bxe4 Nf6 13.Bf3 Nd5 14.a6 b5 15.Qd2 O-O
16.c3 Nxe3 17.Qxe3 Qd6 18.O-O e6 19.Rfd1 Rfc8 20.Rac1 Rab8 21.c4 bxc4 22.Rxc4 Rc7
23.Qc3 Rb6 24.b4 h5 25.Rb1 c5 26.Qc2 Bxd4 27.Rd1 Rxa6 28.Kf1 e5 29.bxc5 Qf6
30.Qb3 Kg7 31.Kg1 Bxc5 32.Rdc1 e4 33.Rxc5 Rxc5 34.Rxc5 exf3 35.gxf3 Rb6 36.Qa2 a6
37.Kg2 Re6 38.Ra5 Rd6 39.Qa3 Rc6 40.Qa4 Rb6 41.Qc4 Rc6 42.Qe2 Kh7 43.Qe4 Rb6
44.Rxh5+ Kg7 45.Ra5 Rb5 46.Rxb5 axb5 47.Qb4 Qg5+ 48.Kh2 Qd5 49.Qc3+ Kg8 50.h4 Qd6+
51.Kg2 b4 52.Qc8+ Kg7 53.Qc4 Qb6 54.f4 b3 55.Qc3+ Kg8 56.Qc8+ Kh7 57.Qd7 Kg7
58.Qe7 b2 59.Qe5+ Kh7 60.Qe7 Qc6+ 61.f3 Qc2+ 62.Kg3 Qf5  0-1

[Event "Graz"]
[Site "Graz"]
[Date "1984.??.??"]
[Round "?"]
[White "Klinger, Josef"]
[Black "Bellon Lopez, Juan Manuel"]
[Result "1/2-1/2"]
[WhiteElo "2460"]
[BlackElo "2425"]

1.e4 g6 2.d4 Bg7 3.Nc3 d6 4.Nge2 Nd7 5.g3 e5 6.Bg2 Ngf6 7.O-O O-O 8.h3 c6
9.Be3 Re8 10.a4 a5 11.g4 h5 12.g5 Nh7 13.h4 exd4 14.Bxd4 Ne5 15.f4 Ng4 16.Bxg7 Kxg7
17.Qd4+ Kg8 18.Rad1 Nf8 19.f5 d5 20.fxg6 Nxg6 21.exd5 Nxh4 22.Qf4 Bf5 23.Be4 Qb6+
24.Nd4 Re5 25.Kh1 Ng6 26.Qf3 Nh4 27.Qf4 Ng6 28.Qf3 Nh4 29.Qf4  1/2-1/2

[Event "Hamburg op"]
[Site "Hamburg"]
[Date "1984.??.??"]
[Round "6"]
[White "Bednarski, Jacek B"]
[Black "Keller, M."]
[Result "1/2-1/2"]
[WhiteElo "2325"]
[BlackElo "2225"]

1.e4 g6 2.d4 Bg7 3.Nc3 d6 4.h4 Nf6 5.Be2 h5 6.Nf3 c5 7.dxc5 Qa5 8.Nd2 Qxc5
9.Nb3 Qc7 10.Bg5 Nbd7 11.Qd2 a6 12.O-O-O b5 13.Nd5 Nxd5 14.exd5 Ne5 15.Rhe1 O-O
16.Bh6 Nc4 17.Bxc4 bxc4 18.Bxg7 cxb3 19.Qc3 Qxc3 20.Bxc3 bxa2  1/2-1/2

[Event "Hamburg op"]
[Site "Hamburg"]
[Date "1984.??.??"]
[Round "6"]
[White "Franke, Heribert"]
[Black "Haik, Aldo"]
[Result "0-1"]
[WhiteElo "2315"]
[BlackElo "2425"]

1.d4 g6 2.e4 Bg7 3.Nc3 d6 4.Bc4 Nd7 5.Nf3 e6 6.O-O Ne7 7.Re1 b6 8.Ne2 Bb7
9.Nf4 O-O 10.Bxe6 fxe6 11.Nxe6 Qc8 12.Nxf8 Nxf8 13.Bg5 Qd7 14.Qd2 Re8 15.c4 Nc6
16.d5 Nd8 17.Bh6 Bh8 18.Rad1 Nf7 19.Bf4 c5 20.Qc2 Bg7 21.Bd2 Qe7 22.Bc3 Bxc3
23.Qxc3 Bc8 24.Re3 g5 25.Ne1 Ng6 26.Nd3 h5 27.Rf1 Nfe5 28.Nxe5 Nxe5 29.b3 Rf8
30.f3 Qf6 31.Qe1 Kh7 32.Rf2 Qf4 33.Rc3 Ng6 34.Qe3 Qe5 35.Rc1 Rf4 36.Rcf1 Rf7
37.Kh1 h4 38.Qe1 Bd7 39.Qa1 Qf4 40.Qc1 Qf6 41.a4 Ne5 42.Qd2 Qg6 43.Qe3 a6
44.Qe2 Qf6 45.Kg1 Qf4 46.Qd2 b5 47.axb5 axb5 48.Qxf4 gxf4 49.Rc2 Rg7 50.Kf2 bxc4
51.bxc4 Ba4 52.Rc3 Rb7 53.g3 Rb2+ 54.Kg1 fxg3 55.hxg3 h3 56.Rf2 Rxf2 57.Kxf2 Bd1
58.f4 Ng4+ 59.Kg1 Kg6 60.e5 dxe5 61.fxe5 Kf5 62.e6 Kf6 63.Kf1 h2 64.Kg2 Ke7
65.Rc1 Bc2 66.Rxc2 Ne3+ 67.Kxh2 Nxc2 68.g4 Ne3 69.g5 Nxc4 70.Kg3 Nb6 71.g6 Nxd5
72.g7 Nf6 73.Kf3 Kxe6 74.Ke3 Kd5 75.Kd3 c4+ 76.Kc3 Kc5 77.Kc2 Kd4 78.Kd2 c3+
79.Kc2 Kc4 80.Kc1 Kd3 81.Kd1 c2+ 82.Kc1 Ng8  0-1

[Event "Helsinki"]
[Site "Helsinki"]
[Date "1984.??.??"]
[Round "?"]
[White "Pribyl, Josef"]
[Black "Paavilainen, Jorma"]
[Result "0-1"]
[WhiteElo "2455"]
[BlackElo "2280"]

1.d4 g6 2.e4 Bg7 3.Nc3 d6 4.Be3 Nf6 5.Nf3 O-O 6.h3 c6 7.Be2 b5 8.a3 Qc7 9.O-O a6
10.Qd2 Nbd7 11.Bh6 Bb7 12.Rfe1 Rfd8 13.Bxg7 Kxg7 14.Qe3 e5 15.Rad1 Re8 16.Rd2 Nf8
17.dxe5 dxe5 18.Red1 Ne6 19.Bf1 c5 20.Nd5 Bxd5 21.exd5 Nd4 22.c4 bxc4 23.Bxc4 Nf5
24.Qb3 Qd6 25.Re1 e4 26.Nh2 Qf4 27.Nf1 Nd7 28.Qc3+ Qe5 29.Qxe5+ Nxe5 30.Rc1 Nd6
31.Be2 c4 32.Ne3 Rec8 33.Rc3 Rab8 34.f3 g5 35.Rdc2 Nb5 36.Nxc4 Nxc3 37.Nxe5 Nxe2+
38.Rxe2 exf3 39.Nxf3 h6 40.Nd4 Rc5 41.Nc6 Rb7 42.Ne7 Rd7 43.Nf5+ Kh7 44.Ne3 f5
45.b4 Rc1+ 46.Kf2 Kg6 47.g4 fxg4 48.hxg4 h5 49.gxh5+ Kxh5 50.Kf3 Rc3 51.Ke4 Re7+
52.Kd4 Rxa3 53.d6 Rb7 54.Nc4 Ra1 55.Kc5 Rc1 56.Rd2 Rb5+ 57.Kd4 Rxb4 58.d7 Rbxc4+
59.Ke5 Rc8 60.dxc8=Q Rxc8 61.Ra2 Rc6 62.Kf5 Rc5+  0-1

[Event "Helsinki"]
[Site "Helsinki"]
[Date "1984.??.??"]
[Round "?"]
[White "Rantanen, Yrjo A"]
[Black "Yrjola, Jouni"]
[Result "1/2-1/2"]
[WhiteElo "2440"]
[BlackElo "2515"]

1.e4 g6 2.d4 Bg7 3.Nc3 d6 4.Be3 Nf6 5.h3 c6 6.a4 Qa5 7.Qd2 O-O 8.Nge2 Nbd7
9.g4 e5 10.Bg2 Re8 11.O-O Nb6 12.b3 exd4 13.Bxd4 d5 14.exd5 Nbxd5 15.Rad1 Nxc3
16.Nxc3 Qc7 17.Qg5 h6 18.Qh4 Nh7 19.Qg3 Qxg3 20.fxg3 Be6 21.Bxg7 Kxg7 22.a5 a6
23.Ne4 Re7 24.Nc5 Rc8 25.Rd4 Rcc7 26.Rfd1 Nf6 27.Rd6 Bd5 28.Bf1 Ne4 29.Nxe4 Rxe4
30.Kf2 Be6 31.c4  1/2-1/2

[Event "Jajce (Women)"]
[Site "Jajce"]
[Date "1984.??.??"]
[Round "?"]
[White "Petrovic, Marija"]
[Black "Szmacinska, Grazyna"]
[Result "1/2-1/2"]
[WhiteElo "2125"]
[BlackElo "2105"]

1.d4 g6 2.Nc3 Bg7 3.e4 d6 4.Bg5 Nc6 5.Nge2 Nf6 6.f3 e5 7.d5 Ne7 8.Qd2 O-O
9.g4 Ne8 10.Ng3 f6 11.Bh6 Bxh6 12.Qxh6 Ng7 13.Bd3 c5 14.h4 Kh8 15.O-O-O a6
16.Qd2 b5 17.g5 c4 18.Be2 Ra7 19.f4 Ng8 20.h5 gxh5 21.Nxh5 fxg5 22.fxe5 dxe5
23.Rdg1 Nxh5 24.Rxh5 Rg7 25.Rhxg5 Rxg5 26.Qxg5 Qf6 27.a3 Bd7 28.Qxf6+ Nxf6
29.Rg5 Re8 30.Kd2 h6 31.Rg6 Rf8 32.Rxh6+ Kg7 33.Rh2 a5 34.Rg2+ Kf7 35.Ke3 Rh8
36.Rg3 Rh4 37.Bf3 b4 38.axb4 axb4 39.Na2 b3 40.cxb3 cxb3 41.Nc1 Bg4 42.Kd3 Ke7
43.Bxg4 Nxg4 44.Rf3 Rh2 45.Nxb3 Nf2+ 46.Rxf2 Rxf2 47.Nd2 Kd6 48.b4 Kc7 49.Nc4 Rf3+
50.Ke2 Rb3 51.Nxe5 Rxb4 52.Ke3 Kd6 53.Kf4 Rb8 54.Nc4+ Kc5 55.Ne3 Rd8 56.e5 Kd4
57.e6 Rf8+ 58.Kg5 Ke5 59.Kg6 Rf6+  1/2-1/2

[Event "Jajce (Women)"]
[Site "Jajce"]
[Date "1984.??.??"]
[Round "?"]
[White "Markovic, Gordana"]
[Black "Petrovic, Marija"]
[Result "1-0"]
[WhiteElo "2160"]
[BlackElo "2125"]

1.e4 g6 2.d4 Bg7 3.Nc3 d6 4.g3 Nf6 5.Bg2 c6 6.a4 O-O 7.Nge2 e5 8.h3 exd4
9.Nxd4 d5 10.exd5 Nxd5 11.Nxd5 cxd5 12.O-O Nc6 13.Be3 Re8 14.Qd2 Ne5 15.b3 a6
16.Rad1 Qd7 17.Rfe1 Nc6 18.Nxc6 bxc6 19.Bc5 Bb7 20.c4 Rac8 21.h4 Qc7 22.a5 Qd7
23.Kh2 Rxe1 24.Rxe1 Bf8 25.Qb4 Ba8 26.Rd1 Bxc5 27.Qxc5 Rd8 28.Qb6 Bb7 29.Rd4 Re8
30.cxd5 cxd5 31.Rb4 Bc8 32.Qc5 Qf5 33.Rf4 Qe5 34.Qxd5 Bf5 35.Qb7 Qe7 36.Qxa6 Be6
37.b4 g5 38.hxg5 Qxg5 39.Qd3 Rd8 40.Qe4 Bd5 41.Qe2 Kh8  1-0

[Event "SWE-ch"]
[Site "Linkoping"]
[Date "1984.??.??"]
[Round "?"]
[White "Hector, Jonny"]
[Black "Johansson, Jan"]
[Result "0-1"]
[WhiteElo "2350"]
[BlackElo "2200"]

1.e4 g6 2.d4 Bg7 3.Nc3 d6 4.f4 Nf6 5.e5 Nfd7 6.Nf3 c5 7.dxc5 dxe5 8.fxe5 O-O
9.e6 fxe6 10.Bc4 Nc6 11.Bxe6+ Kh8 12.Ng5 Qa5 13.Bd2 Nd4 14.Nce4 Qa6 15.Bb3 Ne5
16.Bc3 Bg4 17.Bxd4 Bxd1 18.Rxd1 Rf4 19.Nf2 Rxd4 20.Rxd4 Bf6 21.Ne6 Nf7 22.Ra4 Qc6
23.O-O Nd8 24.Nd4 Qxc5 25.c3 Nc6 26.Ne6 Qe3 27.Re4 Qd2 28.Ng4 Na5 29.Nxf6 exf6
30.Rxf6 Nxb3 31.Ref4 Qe3+ 32.Kh1 h5 33.h4 Nc5 34.Nf8 Rd8 35.Nxg6+ Kg7 36.Rf7+ Kh6
37.R4f6 Rd1+ 38.Kh2 Qg1+ 39.Kg3 Rd3+ 40.Kf4 Qe3+ 41.Kf5 Qe4+  0-1

[Event "SWE-ch"]
[Site "Linkoping"]
[Date "1984.??.??"]
[Round "?"]
[White "Lind, Jan Olov"]
[Black "Johansson, Jan"]
[Result "1/2-1/2"]
[WhiteElo "2290"]
[BlackElo "2200"]

1.e4 g6 2.d4 Bg7 3.Nc3 d6 4.Nf3 Nf6 5.h3 O-O 6.Be3 c6 7.a4 Nbd7 8.a5 Qc7
9.Nd2 Rb8 10.Be2 b5 11.axb6 axb6 12.d5 Bb7 13.dxc6 Bxc6 14.Nb5 Bxb5 15.Bxb5 d5
16.Bxd7 Nxd7 17.c3 Nc5 18.Qc2 dxe4 19.Nxe4 Qb7 20.f3 Nxe4 21.Qxe4 Qxe4 22.fxe4 Rfc8
23.Ra4 b5 24.Rb4 e5 25.Ke2 Bf8 26.Rb3 Rc4 27.Kf3 b4 28.Rd1 Re8 29.cxb4 Bxb4
30.Rc1 Rec8 31.Rxc4 Rxc4 32.g4 Kg7 33.Rd3 Rc2 34.Rb3 Be1 35.Bg1 h6 36.Rb7 Bd2
37.b4 Rc3+ 38.Ke2 Bg5 39.b5 Rxh3 40.b6 Rg3 41.Bc5 Bd8 42.Rd7 Bxb6 43.Bxb6 Rxg4
44.Kd3 Kg8 45.Re7 f5 46.exf5 gxf5 47.Rxe5 Kf7 48.Rxf5+ Kg6 49.Rd5 Kh7 50.Bd4 Kg6
51.Ke3 Kf7 52.Kf3 Rh4 53.Bf2 Rc4 54.Be3 Rh4 55.Rd6 Rh1 56.Bf4 Ke7 57.Rd3 Ke6
58.Bg3 Kf6 59.Ke4 Rg1 60.Be5+ Ke6 61.Rd6+ Ke7 62.Ra6 Kd7 63.Kd5 Rd1+ 64.Bd4 h5
65.Ra7+ Kd8 66.Rh7 h4 67.Rxh4 Kd7 68.Rh7+ Kd8 69.Ke5 Kc8 70.Rf7 Rd2 71.Bc5 Rd7
72.Rf1 Kb7 73.Be3 Rh7 74.Kd5 Rh5+ 75.Kc4 Kc6 76.Rf6+ Kd7 77.Bc5 Rh1 78.Bd4 Rc1+
79.Kd5 Rd1 80.Rf7+ Kd8 81.Rg7 Rd2 82.Ke5 Kc8 83.Bc5 Rd7 84.Rg2 Kb7 85.Bd6 Rh7
86.Kd5 Rh5+ 87.Be5 Kb6 88.Rb2+ Ka5 89.Kd6 Ka4 90.Rb8 Rg5 91.Bd4 Rb5 92.Rh8 Kb3
93.Bc5 Kc2 94.Kc6 Rb3 95.Kd5 Rb7 96.Kc4 Rc7 97.Rh2+ Kc1 98.Kd4 Kb1 99.Bb4 Rc2
100.Bd2 Kb2 101.Kd3 Kb3 102.Rh8 Rc6 103.Rb8+ Ka4 104.Kd4 Rd6+ 105.Kc4 Rc6+
106.Kd5 Rg6 107.Be3 Ka3 108.Bd4 Ka2 109.Kc4 Rc6+ 110.Kd3 Ka3 111.Bc3 Ka4
112.Kd4 Rc7 113.Rb4+ Ka3 114.Kd3  1/2-1/2

[Event "SWE-ch"]
[Site "Linkoping"]
[Date "1984.??.??"]
[Round "?"]
[White "Bengtsson, Bo"]
[Black "Johansson, Jan"]
[Result "1-0"]
[WhiteElo "2200"]
[BlackElo "2200"]

1.e4 g6 2.d4 Bg7 3.Nc3 d6 4.Nf3 Nf6 5.Bf4 O-O 6.Qd2 Nc6 7.O-O-O Bg4 8.Be2 Qb8
9.d5 e5 10.dxe6 fxe6 11.Ng5 e5 12.Be3 Nd8 13.f3 Bd7 14.g4 b5 15.h4 Nf7 16.h5 Nxg5
17.Bxg5 gxh5 18.gxh5 Rf7 19.Rdg1 Kh8 20.h6 Bf8 21.f4 Be7 22.fxe5 dxe5 23.Bxf6+ Bxf6
24.Bh5 Re7 25.Nd5 Qf8 26.Rf1 Re6 27.Rxf6 Rxf6 28.Nxf6 Qxf6 29.Qxd7 Qxh6+
30.Qd2 Qf6 31.Bg4  1-0

[Event "London P&D Knights"]
[Site "London"]
[Date "1984.??.??"]
[Round "1"]
[White "Lawton, Geoffrey W"]
[Black "McNab, Colin Anderson"]
[Result "1-0"]
[WhiteElo "2395"]
[BlackElo "2375"]

1.e4 g6 2.d4 d6 3.Nc3 Bg7 4.Nf3 Nf6 5.h3 O-O 6.Be3 c6 7.a4 a5 8.Be2 Na6 9.O-O Qc7
10.Qc1 e5 11.dxe5 dxe5 12.Bc4 Nh5 13.Ne2 Kh8 14.g4 Nf6 15.Ng3 Qe7 16.b3 Nc5
17.Qa3 b6 18.Ne1 Nfd7 19.Kg2 Qe8 20.Nd3 Ne6 21.Bxe6 Qxe6 22.Rfd1 f5 23.exf5 gxf5
24.Nxf5 Rxf5 25.gxf5 Qxf5 26.Qe7 Nf8 27.Nxe5 Qxe5 28.Qxe5 Bxe5 29.Bd4 Bxd4
30.Rxd4 Bf5 31.Rc4 Ne6 32.Rd1 Rg8+ 33.Kh2 c5 34.Rd5 Rf8 35.Rd6 Nd4 36.Rxb6 Be4
37.c3 Rxf2+ 38.Kg1 Rg2+ 39.Kf1 Rg3 40.cxd4 Rf3+ 41.Ke2  1-0